3-Letter Airport-Code Quiz (Hard) - Statistics

General Stats
  • This quiz has been taken 108 times
    55 since last reset
  • The average score is 5 of 16
Answer Stats
IATA Code Airport % Correct
MUC Munich
90%
INN Innsbruck
52%
GIG Rio de Janeiro-Santos Dumont
52%
WUH Wuhan
48%
LCY London City
38%
MDW Chicago Midway
30%
CGK Jakarta
28%
KTW Katowice
26%
DLM Dalaman
22%
FMM Memmingen
20%
RMO Chișinău
16%
JSI Skiathos
12%
TRD Trondheim
8%
DYU Dushanbe
6%
YLW Kelowna
6%
LPB La Paz/El Alto
6%
No matching quizzes found
Score Distribution
Percent of People with Each Score
Percentile by Number Answered
Your Score History
You have not taken this quiz since the last reset